000 00862nas a2200289 4500
001 BR9701779
003 BR-BrBNA
005 20231205100125.0
007 ta
008 230509b bl.|||p| |||| 00| 00por d
040 _aBR-BrBNA
_bpor
_cBiblioteca Nacional de Agricultura
041 _a(Pt)
072 _aL01; U10
100 1 _aFurtado, I.M.
100 1 _aAquino, L.H. de
100 1 _aFerreira, D.F.
100 1 _aOliveira, B.L. de
245 1 _aAjustamento do modelo de wood modificado a dados de producao de ovos de matrizes avos
650 _aAvicultura
650 _aMatriz
650 _aOvo
650 _aEstatistica de Producao
650 _aModelo Matematico
773 0 _tCiencia e Pratica (Brazil)
_xISSN 0100-3267
_g(Jul-Sep 1995), v. 19(3) p. 311-314
_wBR9701779
909 _a202311
_bLúcia
_c55
_dLúcia Elande
942 _2AGRIS
_n0
_cANA
999 _c154416
_d154416